| 000 | 00588nam a2200229Ia 4500 | ||
|---|---|---|---|
| 003 | 0100 | ||
| 008 | 130227s9999 xx 000 0 und d | ||
| 040 | _cARRUPELIB | ||
| 050 | _aBS1430.2.B78 | ||
| 100 | _aBrueggemann, Walter | ||
| 245 | _aIsrael's praise | ||
| 245 | _bdoxology against idolatory and ideology | ||
| 260 | _aPhiladelphia | ||
| 260 | _bFortess Press | ||
| 260 | _C1988 | ||
| 300 | _a196p. | ||
| 300 | _b 23 cm | ||
| 650 | _bLord's supper | ||
| 650 | _cChristianity and culture | ||
| 650 | _dAfrica, Sub-Saharan--Religious life and customs | ||
| 942 |
_2lcc _02 |
||
| 999 |
_c4562 _d4562 |
||